000 00810nas a2200241 454500
001 28092
005 20260407193507.0
008 260407s1978####ag###########|||spa#d
003 AR-UNSa-BCEJYS
040 _aAR-UNSa-BCEJYS
_bspa
_cAR-UNSa-BCEJYS
080 _a67
_xIndustrias, comercios y oficios diversos
245 1 0 _aBoletín sobre la industria y tecnología del Japon
022 _a0385-6542
264 1 _aTokyo :
_bJETRO
_c1978
310 _aFrecuencia:
942 _cSER
590 _aniveau_biblio:s niveau_hierar:1
100 1 _aJapan External Trade Organization (JETRO)
650 _aIndustria
650 _aJapón
650 _aTecnología
856 4 1 _uhttps://biblioeco.unsa.edu.ar/pmb/images/revistas/Boletin sobre la industria y tecnolofia del Japon-r13631.jpg
_yImagen de portada
_qimage/jpeg
999 _c8635
_d8635